Colección de escultura contemporánea de RENFE [ (Record no. 86338)

MARC details
000 -LEADER
campo de control de longitud fija 01136nam a2200229 i 4500
001 - NÚMERO DE CONTROL
campo de control 86338
003 - IDENTIFICADOR DE NÚMERO DE CONTROL
campo de control ES-MaACL
005 - FECHA Y HORA DE LA ÚLTIMA TRANSACCIÓN
campo de control 20250816045523.0
007 - CAMPO FIJO DE DESCRIPCIÓN FÍSICA--INFORMACIÓN GENERAL
campo de control de longitud fija t|
008 - DATOS DE LONGITUD FIJA--INFORMACIÓN GENERAL
campo de control de longitud fija 041228s1997 sp s |||| | spa d
080 ## - NÚMERO DE LA CLASIFICACIÓN DECIMAL UNIVERSAL
Número de la Clasificación Decimal Universal 73.074(460).036(0.034)
110 2# - ENTRADA PRINCIPAL--NOMBRE DE ENTIDAD CORPORATIVA
Nombre de entidad corporativa o nombre de jurisdicción como elemento de entrada RENFE.
9 (RLIN) 6419
245 10 - MENCIÓN DEL TÍTULO
Título Colección de escultura contemporánea de RENFE [
Medio Recurso electrónico].
260 ## - PUBLICACIÓN, DISTRIBUCIÓN, ETC.
Lugar de publicación, distribución, etc. [Madrid] :
Nombre del editor, distribuidor, etc. Fundación de los Ferrocarriles Españoles,
Fecha de publicación, distribución, etc. [1997]
300 ## - DESCRIPCIÓN FÍSICA
Extensión 1 disco compacto (CD-ROM) ;
Dimensiones 12 cm.
500 ## - NOTA GENERAL
Nota general Características del sistema: PC 486/66 con 8 MB de RAM (se recomienda 16 MB); tarjeta y monitor SuperVGA; unidad de CD-ROM 2x (se recomienda 4x); Windows 95; QuickTime (incluido); tarjeta de sonido de 16 bits.-Macintosh: Power PC con 16 MB de RAM; monitor de 14"; unidad de CD-ROM 2x (se recomienda 4x); sistema operativo 7.1 o superior; QuickTime (incluido)
610 27 - PUNTO DE ACCESO ADICIONAL DE MATERIA--NOMBRE DE ENTIDAD CORPORATIVA
Nombre de entidad corporativa o nombre de jurisdicción como elemento de entrada RENFE-
Subdivisión general Colecciones de arte-
Subdivisión de forma Catálogos-
-- CD-ROM.
9 (RLIN) 6421
650 #7 - PUNTO DE ACCESO ADICIONAL DE MATERIA--TÉRMINO DE MATERIA
Término de materia o nombre geográfico como elemento de entrada Escultura española-
Subdivisión de forma Catálogos
Fuente del encabezamiento o término
9 (RLIN) 169703
710 2# - ENTRADA AGREGADA--NOMBRE DE ENTIDAD CORPORATIVA
Nombre de entidad corporativa o nombre de jurisdicción como elemento de entrada Fundación de los Ferrocarriles Españoles.
9 (RLIN) 4275
852 ## - LOCALIZACIÓN
Ubicación ES-MaACL
Número de control de estantería ROT 1/5/16
Holdings
Estatus retirado Estado de pérdida Estado de daño No para préstamo Biblioteca de origen Biblioteca actual Ubicación en estantería Fecha de adquisición Fuente de adquisición Total de préstamos Signatura topográfica completa Código de barras Visto por última vez Precio de reemplazo Tipo de ítem Koha
        Biblioteca del Ateneo de Madrid Biblioteca del Ateneo de Madrid Depósito 17/01/2008     ROT 1/5/16 1090207 23/02/2023 23/02/2023 Archivo de ordenador en CD-ROM, CD o disquete